Tate McRae top 20 - Statistics

General Stats
  • This quiz has been taken 49 times
  • The average score is 7 of 20
Answer Stats
Hint Answer % Correct
think later greedy
91%
think later think later
51%
think later run for the hills
49%
so close to what miss possessive
47%
so close to what purple lace bra
42%
so close to what siren sounds
42%
think later cut my hair
37%
so close to what dear god
35%
think later plastic palm trees
35%
so close to what bloodonmyhands
33%
so close to what no I'm not in love
33%
all the things I never said that way
33%
think later guilty conscience
30%
single uh oh
28%
too young to be sad rubberband
23%
think later stay done
23%
so close to what means I care
21%
too young to be sad r u ok
12%
the one day LP teenage mind
12%
I used to think I could fly im so gone
5%
No matching quizzes found
Score Distribution
Percent of People with Each Score
Percentile by Number Answered
Your Score History
You have not taken this quiz